Les animaux de compagnie en France - Statistiques

Statistiques générales
  • Ce quiz a été pris 81 fois
  • Le résultat moyen est 6 sur 9
Statistiques - réponses
Réponse % Correct
16,7 millions Chat
100%
9,9 millions Chien
100%
29,8 millions Poisson
84%
2,0 millions Lapin
82%
3,7 millions Hamster
81%
8,9 millions Poule
56%
3,7 millions Perroquet
55%
2,5 millions Tortue
42%
1,5 millions Gerbille
14%
Aucun quiz correspondant
Distribution des résultats
% des personnes avec chaque résultat
Percentile par nombre de réponses
Votre historique - résultats
Vous n’avez pas pris ce quiz